| 000 | 00557nam a22001457a 4500 | ||
|---|---|---|---|
| 005 | 20180130103007.0 | ||
| 008 | 180130b xxu||||| |||| 00| 0 eng d | ||
| 040 | _cPK-LaUMT | ||
| 082 |
_aPKAC 297.72 _bMUS-J |
||
| 100 | _aMushtaq Ahmed , Muhammad | ||
| 245 |
_aJihad , mazahmat aur baghawat(جہاد ، مزاحمت اور بغاوت) _bاسلامی شریعت اور بین الاقوامی قانون کی روشنی میں _cMuhammad Mushtaq Ahmed |
||
| 260 |
_aکوجرنوالہ: _bالشریعہ اکادمی، _c2008 |
||
| 300 | _a707 | ||
| 942 | _cBK | ||
| 999 |
_c102439 _d102439 |
||